• 首页
  • 本馆介绍
  • 公告通知
  • 最新文献
  • 馆藏检索
  • 电子资源
  • 读者导购
  • 参考咨询
  • 我的图书馆
  • 登录
  • 详细信息显示
  • 放入我的书架
  • 预约/预借图书
  • 作者相关作品
  • 分类相关作品
  • 丛书相关作品
  • 出版社相关作品

书目信息

  • 表格格式
  • 工作单格式
  • 卡片格式
题名:
中国北极权益与政策研究
    
 
作者: 陆俊元 , 张侠 著
分册:  
出版信息: 北京   时事出版社  2016
页数: 422页
开本: 24cm
丛书名:
单 册:
中图分类: D922.604
科图分类:
主题词:
电子资源:
ISBN: 978-7-80232-923-2
000 01015nam0 22002651 450
001 351383
005 20161011151702.93
010    @a978-7-80232-923-2@dCNY98.00
100    @a20160518d2016 em y0chiy50 ea
101 0  @achi
102    @aCN@b110000
105    @ay z 000yy
106    @ar
200 1  @a中国北极权益与政策研究@AZhong Guo Bei Ji Quan Yi Yu Zheng Ce Yan Jiu@dChina's arctic interests and policy@f陆俊元,张侠著@zeng
210    @a北京@c时事出版社@d2016
215    @a422页@d24cm
300    @a国家“南北极环境综合考察与评估专项”资助
330    @a本书运用地缘政治学、地缘经济学、法学、哲学、逻辑学、战略学、外交学、政策科学等方法探究了中国的北极权益,并提出了关于中国北极政策的相关思考。
510 1  @aChina's arctic interests and policy@zeng
607    @a北极@ABei Ji@x资源开发@x权益保护@x研究@y中国
690    @aD922.604@v5
701  0 @a陆俊元@ALu Juan Yuan@f(1963-)@4著
701  0 @a张侠@AZhang Xia@f(1962-)@4著
801  0 @aCN@bTANGWEI@c20160820
905    @b0894610-4@dD922.604@e1410@f5
    
    中国北极权益与政策研究=China's arctic interests and policy/陆俊元,张侠著.-北京:时事出版社,2016
    422页;24cm
    国家“南北极环境综合考察与评估专项”资助
    
    ISBN 978-7-80232-923-2:CNY98.00
    本书运用地缘政治学、地缘经济学、法学、哲学、逻辑学、战略学、外交学、政策科学等方法探究了中国的北极权益,并提出了关于中国北极政策的相关思考。
●
相关链接 在E读中查询图书 在五车中查询图书 在当当中查询图书 在豆瓣中查询图书


正题名:中国北极权益与政策研究     索取号:D922.604/1410         预约/预借

序号 登录号 条形码 馆藏地/架位号 状态 备注
1 0894610   208946104   第一样本阅览室/ [索取号:D922.604/1410] 在馆    
2 0894611   208946113   密集书库-史法系/ [索取号:D922.604/1410] 在馆    
3 0894612   208946122   第一借阅区/ [索取号:D922.604/1410] 在馆    
4 0894613   208946131   第一借阅区/ [索取号:D922.604/1410] 在馆    
5 0894614   208946140   第一借阅区/ [索取号:D922.604/1410] 在馆    
唐山师范学院图书馆 欢迎您!
大连网信软件有限公司© 版权所有